Η εκπαίδευση της μειονότητας στη Θράκη : από το περιθώριο στην προοπτική της κοινωνικής ένταξης
Saved in:
| Main Author: | |
|---|---|
| Format: | Book |
| Language: | Greek |
| Published: |
[Αθήνα] :
Αλεξάνδρεια,
[2006].
|
| Series: | Κοινωνία και πολιτισμός
|
| Subjects: | |
| Tags: |
Add Tag
No Tags, Be the first to tag this record!
|
MARC
| LEADER | 00000cam a2200000 i 4500 | ||
|---|---|---|---|
| 001 | 1/46173 | ||
| 008 | 070614s2006 gr | ||| |||| ||gre|| | ||
| 020 | |a 9602213523 | ||
| 035 | |l 10088307 | ||
| 040 | |a GR-MY-UA |b gre |e aacr | ||
| 041 | 0 | |a gre | |
| 082 | 7 | |a 371.829 |2 (22) | |
| 100 | 1 | |a Ασκούνη, Νέλλη. | |
| 245 | 1 | 2 | |a Η εκπαίδευση της μειονότητας στη Θράκη : |b από το περιθώριο στην προοπτική της κοινωνικής ένταξης / |c Νέλλη Ασκούνη. |
| 260 | |a [Αθήνα] : |b Αλεξάνδρεια, |c [2006]. | ||
| 300 | |a 398 σ. : |b πίν. ; |c 21 εκ. | ||
| 490 | 1 | |a (Κοινωνία και πολιτισμός) | |
| 500 | |a Περιέχει παράρτημα με πίνακες. | ||
| 504 | |a Περιλαμβάνει βιβλιογραφία: σ. 386-398. Ευρετήριο. | ||
| 650 | 0 | 0 | |a Minorities |x Education |z Greece |z Thrace, Western. |
| 650 | 0 | 0 | |a Education |z Thrace, Western (Greece) |
| 650 | 0 | 0 | |a Children of minorities |x Education |z Thrace, Western (Greece) |
| 830 | 0 | |a Κοινωνία και πολιτισμός | |
| 852 | |a INST |b LESVOS |e 20070614 |h 371.829 ΑΣΚ |p 005100038077 |q 005100038077 |t BK |y 0 | ||
| 852 | |a INST |b RHODES |e 20071218 |h 371.829 ΑΣΚ |p 005400030256 |q 005400030256 |t BK |y 0 | ||
| 852 | |a INST |b RHODES |c EUDOXUS |e 20210122 |h 371.829 ΑΣΚ |p 005400041859 |q 005400041859 |t EDX |y 0 | ||
| 901 | |a BIBL1-2007-2 | ||
| 901 | |a BIBL4-2007-3 | ||
| 909 | |a Λ |b 135151 | ||
| 909 | |a Ρ |b 141716 | ||
| 920 | |a Εύδοξος |b Παραγγελία |y Ρόδος-ΠΤΔΕ |z 2021-01 | ||
| 922 | |a 1ΕΛΗ |b 200705 |c ΕΠΕΑΕΚ2/ΤΚΑ |d Σ. ΠΑΤΑΚΗΣ | ||
| 922 | |a 4ΕΛΗ |b 200711 |c ΕΠΕΑΕΚ2/ΠΤΔΕ |d Σ. ΠΑΤΑΚΗΣ | ||
| 970 | |a ΚΑΡΑ |b ΓΙΑΣΕΜΗ |z 2007/06/14 | ||